000 00730nam a2200289Ia 4500
005 20260324145546.0
008 008 260324s9999 xx 000 0 eng d
020 _a9781315625423
037 _aEBOOK
040 _aCRL
040 _beng
040 _cCRL
041 _2eng
041 _aeng
084 _qCRL
100 _aWillard Moonan
_91223387
245 0 _aMartin Buber and His Critics (Routledge Revivals)
245 3 _bAn Annotated Bibliography of Writings in English through 1978
260 _bTaylor and Francis
260 _c1981
365 _a
365 _b230
856 _uhttp://www.taylorfrancis.com/books/9781315625423
942 _cEBOOK
999 _c1831468
_d1831468